Responses for show #3683 - Wednesday, September 13, 2000

Michelle Clum game 1.

Contestants

Lee Ritchey, a writer and producer from Dallas, Texas

Michelle Clum, an executive assistant originally from Wichita, Kansas

Lisa Manley, a homemaker from Frisco, Texas (whose 1-day cash winnings total $16,201)

Jeopardy! Round responses

LOOK UP
IN DISGUISE
IT'S A BYRD
IT'S A PLAIN
IT'S SUPERMAN
"!"
    $100 1
Comet

Michelle
    $100 9
Little Red Riding Hood

Lisa
    $100 22
Arlington National Cemetery

Michelle
    $100 2
Greece

Lee
    $100 7
Krypton

Lee
    $100 15
Extra!

Lisa
    $200 25
(minute to go...)

Pinata

Michelle
    $200 10
Lhasa

Lee
    $200 23
Greenland

Michelle
    $200 3
Tigris & Euphrates

Lee
    $200 8
The Daily Planet

Lisa
    $200 16
"Eureka!"

Lee
    $300 28
The moon

Lisa
    $300 11
Yasser Arafat

Lisa
    $300 24
Evelyn

Lisa
    $500 4
India

Lee
    $300 12
Metropolis

Lisa
    $300 17
"Swing!"

Lee
    $400 29
Canadian (Canadian Goose)

Michelle
    $400 20
Odysseus

Michelle
    $400 26
Little America

Michelle
    $400 5
Pampas

Lee
    $400 13
(Lee: What is Idaho?)

Kansas

Lee
Triple Stumper
    $400 18
E!

Lisa
    $500 30
Rafters

Michelle
    $500 21
(L: What is a British soldier?)

Schoolteacher

Lee
Triple Stumper
    $500 27
Harry Byrd

Triple Stumper
    $500 6
Quebec

Lee
    $500 14
Fortress of Solitude

Triple Stumper
    $500 19
Wham! (George Michael)

Lisa

Scores at the first commercial break (after clue 14):

Lisa Michelle Lee
$900 $100 $1,600

Scores at the end of the Jeopardy! Round:

Lisa Michelle Lee
$2,500 $2,300 $1,600

Double Jeopardy! Round responses

FRANZ KAFKA
THE MUSICAL FABRIC STORE
1978
AFRICAN ANIMALS
STATUARY HALL
(Alex: You have to identify the state each statue represents)
ABBREVIATIONS
    $200 7
Burn them

Lee
    $200 2
(Lee: Who are The Polyesters?)

The Orlons

LisaLee
    $200 9
CFC's (Chlorofluorocarbons)

Lee
    $200 1
Flamingos

Lisa
    $200 23
Louisiana

Lee
    $200 16
TV

Lee
    $400 8
People he was engaged to

Lisa
    $400 3
"Wooly Bully"

Lee
    $400 10
Boston Marathon

Lisa
    $400 14
Fox

Michelle
    $400 27
California

Michelle
    $400 17
RV

Michelle
    $600 15
Asbestos

Lisa
    $600 4
"Nights In White Satin"

Lisa
    $600 11
Pluto (Charon)

Lisa
    $600 30
Rodent

Lisa
    $600 25
(less than a minute to go...)

Vermont

Lee
    $600 20
TRW

Triple Stumper
    $1,500 18
(Alex: What is this great interest you have in Franz Kafka?)
(MIchelle: I have a Bohemian ancestry.)

"The Trial"

Michelle
    $800 5
Lace

Lee
    $800 12
(Lee: Who was Roosevelt?)

Steven Ford

LisaLee
    $800 29
Dromedary

Lee
    $2,500 26
(Lee: What is New York?)

Wisconsin

Lee
    $800 21
NH (New Hampshire)

Michelle
    $1000 19
Gregor Samsa

Michelle
    $1000 6
The Velvet Underground

Michelle
    $1000 13
The economy

Lee
    $1000 28
Seals

Triple Stumper
    $1000 24
Nebraska

Michelle
    $1000 22
Sr

Lee

Scores at the end of the Double Jeopardy! Round:

Lisa Michelle Lee
$6,900 $8,800 $3,500

[wagering suggestions for these scores]

Final Jeopardy! Round responses

FAMOUS PEOPLE
(Alex: He was coming back home from his visit to Mexico.)
LeeWho is Alan Shepard
$3,500
LisaWho is Al Sheperd
$6,800
MichelleWho
$5,001
Pope John Paul II

Final scores:

Lisa Michelle Lee
$100 $3,799 $0
2nd place: Trip to El Cid Resort, Mazatlan, Mexico New champion: $3,799 3rd place: Pair of Locman Diamond Aluminum Watches

Game dynamics:

Coryat scores:

Lisa Michelle Lee
$6,900 $8,100 $5,800
18 R,
0 W
16 R
(including 1 DD),
0 W
19 R
(including 1 DD),
5 W
(including 1 DD)

Combined Coryat: $20,800

The J! Archive is created by fans, for fans. The Jeopardy! game show and all elements thereof, including but not limited to copyright and trademark thereto, are the property of Jeopardy Productions, Inc. and are protected under law. This website is not affiliated with, sponsored by, or operated by Jeopardy Productions, Inc. Join the discussion at JBoard.tv.